000 01529cab a22002415a 4500
001 L149912
008 100517e2010 xxk 000 0 eng d
035 _a(Sirsi) u149912
041 0 _aeng
245 0 0 _aHilmi Associates Ltd v 20 Pembridge Villas Freehold Ltd
_h[electronic resource]
260 _c2010
520 _a[2010] EWCA Civ 314, 30 March 2010. Concerned with validity of a Section 13 notice served by long leasehold tenants of a block of flats seeking to exercise their statutory right under the Leasehold Reform Housing and Urban Development Act 1983 Chapter 1 to acquire the freehold by collective enfranchisement. Appeal concerned the signature of the fourth tenant which was a company which purported to sign the notice through a director and whether this was sufficient under s99(5)(a) and whether it met the terms of the Companies Act 1985 s36A relating to the execution of documents. "Held" appeal dismissed.
590 _aKA
650 2 4 _aHILMI ASSOCIATES LTD V 20 PEMBRIDGE VILLAS FREEHOLD LTD
650 2 4 _aLEASEHOLD REFORM, HOUSING AND URBAN DEVELOPMENT ACT 1993
650 2 4 _aSECTION 13 NOTICE
650 2 4 _aCITY AND COUNTRY PROPERTIES LTD V PLOWDEN INVESTMENTS LTD
650 2 4 _aCOMPANIES ACT 1985 S36A
651 4 _aEngland and Wales
_y1543-
690 _aPROPERTY-RESIDENTIAL PROPERTY-RESIDENTIAL LANDLORD AND TENANT-RESIDENTIAL LEASEHOLD ENFRANCHISEMENT
856 4 8 _uhttps://www.bailii.org/ew/cases/EWCA/Civ/2010/314.html
_zView this item free of charge at www.bailii.org
942 _n0
999 _c82321
_d82321